000 00381nam a2200121Ia 4500
008 220620s9999||||xx |||||||||||||| ||und||
245 0 _aLiver Transplantation
_bBasic Issues
546 _aEnglish[eng]
650 _aGeneral surgery
700 _aAbdeldayem, Hesham||Allam, Naglaa
856 _uhttps://mts.intechopen.com/storage/books/967/authors_book/authors_book.pdf
942 _cEB
999 _c33251
_d33251